Riconosci il Pokémon - Quiz n°457 - Statistics

Statistiche generali
  • Questo quiz è stato fatto 0 volte
  • Il punteggio medio è 0 su 10
Statistiche sulle risposte
Indizio Risposta % Corretto
Altezza 0,3 m
0%
Tasso di cattura 190 (35.2%)
0%
Peso 3,5 kg
0%
Sesso 50% ♂, 50% ♀
0%
Pokémon Espurr
0%
Stadio evoluzione Forma Base
0%
Tasso di allevamento Medio-Veloce
0%
Tipo Psico
0%
Generazione Sesta
0%
Abilità Sguardofermo; Intrapasso; Mente Locale
0%
Nessun quiz corrispondente trovato
Distribuzione punteggi
Percentuale di utenti per punteggio
Percentile per numero di risposta
I tuoi punteggi nel tempo
Non hai fatto questo quiz